书目信息 |
| 题名: |
宇宙奥秘大发现
|
|
| 作者: | 李晨森 主编 | |
| 分册: | ||
| 出版信息: | 哈尔滨 黑龙江美术出版社 2018.03 |
|
| 页数: | 116页 | |
| 开本: | 17x19cm | |
| 丛书名: | 求知探索科普 | |
| 单 册: | ||
| 中图分类: | P159-49 | |
| 科图分类: | ||
| 主题词: | 宇宙--yu zhou--少年读物 | |
| 电子资源: | ||
| ISBN: | 978-7-5593-2576-1 | |
| 000 | 00935nam 2200277 450 | |
| 001 | CAL 0120182617527 | |
| 005 | 20190829162618.5 | |
| 010 | @a978-7-5593-2576-1@dCNY19.80 | |
| 100 | @a20181206d2018 cemy0chiy50 ea | |
| 101 | 0 | @achi |
| 102 | @aCN@b230000 | |
| 105 | @aa z 000yy | |
| 106 | @ar | |
| 200 | 1 | @a宇宙奥秘大发现@Ayu zhou ao mi da fa xian@f李晨森主编@Fli chen sen zhu bian |
| 205 | @a彩图版 | |
| 210 | @a哈尔滨@c黑龙江美术出版社@d2018.03 | |
| 215 | @a116页@c彩图@d17x19cm | |
| 225 | 2 | @a求知探索科普@Aqiu zhi tan suo ke pu |
| 330 | @a本书包含的内容有: 宇宙大爆炸学说成立吗、宇宙是什么形状的、宇宙是均匀的吗、宇宙中有失落的世界吗、人能在太空待多长时间、月球是外星人的宇宙站吗等。 | |
| 410 | 0 | @12001 @a求知探索科普 |
| 586 | @a | |
| 606 | 0 | @a宇宙@Ayu zhou@j少年读物 |
| 690 | @aP159-49@v5 | |
| 701 | 0 | @a李晨森@Ali chen sen@4主编 |
| 801 | 0 | @aCN@c20181206 |
| 905 | @a河南城建学院图书馆@dP159-49@eL136@f2 | |
| 宇宙奥秘大发现/李晨森主编.-彩图版.-哈尔滨:黑龙江美术出版社,2018.03 |
| 116页:彩图;17x19cm.-(求知探索科普) |
| ISBN 978-7-5593-2576-1:CNY19.80 |
| 本书包含的内容有: 宇宙大爆炸学说成立吗、宇宙是什么形状的、宇宙是均匀的吗、宇宙中有失落的世界吗、人能在太空待多长时间、月球是外星人的宇宙站吗等。 |
| ● |
| 相关链接 |
|
|
|
正题名:宇宙奥秘大发现
索取号:P159-49/L136
 
预约/预借
| 序号 | 登录号 | 条形码 | 馆藏地/架位号 | 状态 | 备注 |
| 1 | 1414321 | 214143210 | 自科库401/401自科库 111排1列2层/ [索取号:P159-49/L136] | 在馆 | |
| 2 | 1414322 | 214143229 | 期刊室512/401自科库 110排1列5层/ [索取号:P159-49/L136] | 在馆 |